Normal view
MARC view
Entry Personal Name
001 - CONTROL NUMBER
- control field: 80848
003 - CONTROL NUMBER IDENTIFIER
- control field: dpl
005 - DATE AND TIME OF LATEST TRANSACTION
- control field: 20250424142438.0
008 - FIXED-LENGTH DATA ELEMENTS
- fixed length control field: 250424|| aca||aabn | a|a d
040 ## - CATALOGING SOURCE
- Original cataloging agency: dpl
- Transcribing agency: dpl
100 ## - HEADING--PERSONAL NAME
- Personal name: Shakespeare,William
670 ## - SOURCE DATA FOUND
- Source citation: Work cat.: (dpl)211094: Shakespeare,William, ANTONY AND CLEOPATRA/, 1962
